Determinants of exchange rate of Slovak crown against Polish zloty - Dornbusch monetary model
Peňažný model strnulej ceny a jeho redukované formy. Základné jednotkové testy. Zhodnotenie redukovaných foriem peňažného modelu. Dornbuschov peňažný model.
Salvato in:
| Autore principale: | |
|---|---|
| Altri autori: | |
| Natura: | Capitolo di libro |
| Lingua: | inglese |
| Soggetti: | |
| Tags: |
Nessun Tag, puoi essere il primo ad aggiungerne!!
|
MARC
| LEADER | 00000naa$a2200000$$$4500 | ||
|---|---|---|---|
| 001 | 0058707 | ||
| 005 | 20240502083141.0 | ||
| 041 | 0 | |a eng | |
| 044 | |a PL | ||
| 245 | 1 | 0 | |a Determinants of exchange rate of Slovak crown against Polish zloty - Dornbusch monetary model |c Eva Rublíková, Magdalena Rutkowska |
| 520 | |a Peňažný model strnulej ceny a jeho redukované formy. Základné jednotkové testy. Zhodnotenie redukovaných foriem peňažného modelu. Dornbuschov peňažný model. | ||
| 610 | 2 | 0 | |a kurz výmenný |
| 610 | 2 | 0 | |a modely |
| 610 | 2 | 0 | |a koruna |
| 610 | 2 | 0 | |a zlotý |
| 100 | 1 | |a Rublíková, Eva | |
| 700 | 1 | |a Rutkowska, Magdalena | |